[Event "EU-chT (Men) 13th"]
[Site "Leon"]
[Date "2001.11.13"]
[Round "7.1"]
[White "Adams, Michael"]
[Black "Lutz, Christopher"]
[Result "1-0"]
[WhiteElo "2731"]
[BlackElo "2643"]
[Annotator "Ribli,Z"]
[PlyCount "97"]
[EventDate "2001.11.06"]
[EventType "team-swiss"]
[EventRounds "9"]
[EventCountry "ESP"]
[SourceTitle "CBM 086"]
[Source "ChessBase"]
[SourceDate "2002.02.05"]
[SourceVersion "1"]
[SourceVersionDate "2002.02.05"]
[SourceQuality "1"]
[WhiteTeam "England"]
[BlackTeam "Germany"]
[WhiteTeamCountry "ENG"]
[BlackTeamCountry "GER"]

1. e4 c5 2. Nf3 e6 3. d4 cxd4 4. Nxd4 Nc6 5. Nc3 Qc7 6. Be3 a6 7. Bd3 {Das ist
die Hauptvariante. Der weiße Plan ist hier 0-0 nebst f2 - f4 und Aufbau einer
starken Angriffsstellung.} b5 {Dieser Zug wäre auch nach 7...Nf6 8.0-0 möglich.
Ich denke, das wäre noch präziser als die Partiefortsetzung.} 8. Nxc6 (8. O-O
Bb7 9. Nxc6 Qxc6 10. a3 Nf6) 8... Qxc6 9. e5 {Das ist eine spezielle Variante,
die nur in dieser Zugfolge möglich ist. Nun steht der Ng8 vor
Entwicklungsproblemen, es droht 10.Be4 und 9...Qxg2 scheitert an 10.Be4.} Bb4 {
Damit wehrt Schwarz zwar die Drohung Be4 ab, aber 9...f5!? wäre m.E. besser,
denn hier bekommt Schwarz bessere Chancen auf Gegenspiel.} (9... Bb7 10. Be4
Qc7 11. Qf3 Bxe4 12. Nxe4 Rc8 13. Bf4 Qc4 14. c3 f5 15. exf6 Nxf6 16. Nxf6+
gxf6 17. Be3 Bc5 18. Qxf6 Rg8 19. O-O-O Bxe3+ 20. fxe3 Qxa2 $13 {1-0 Tatai,
S-Bobotsov,M/Venice 1971/EXT 99 (63)}) (9... f5 $5 10. exf6 Nxf6 11. f3 Qc7 12.
Qd2 Bb7 13. O-O-O Bb4 14. Kb1 O-O 15. a3 Ba5 16. Qe1 b4 {0-1 Mohr,G-Bistric,F/
Batumi 1999/CBM 74 (23)}) 10. O-O Bxc3 (10... f5 11. Be2 Bb7 12. Bf3 Qc8 13.
Bxb7 Qxb7 14. Ne2 Ne7 15. c3 Ba5 16. Nf4 Bc7 17. Bd4 O-O 18. Bc5 Bxe5 19. Bxe7
Bxf4 20. Bxf8 Rxf8 21. Qf3 Qc7 {1-0 Baxter,R-Smith,D/Whitby 1962/EXT 99 (51)})
11. bxc3 Bb7 (11... Qxc3 $2 12. Be4 $18) 12. Qg4 Ne7 13. Bd4 Ng6 (13... Nf5 14.
Bxf5 exf5 15. Qxg7 O-O-O 16. f3 $16 Rhg8 17. Qf6 Qxf6 18. exf6 Rde8 19. Kf2 {
1-0 Klovans,J-Budde,V/Germany 1995/GER (59)}) 14. Rae1 $14 {[%cal Ge1e3,Ge3g3]
Weiß hat das Läuferpaar und Raumvorteil, die theoretische Schwächung der
Bauern auf der c - Linie hat keine Bedeutung.} Qc7 15. Re3 h5 (15... O-O-O 16.
c4 bxc4 17. Bxc4 $40 Qxc4 $2 18. Rc3 $18) (15... O-O 16. Rh3 $40 Qc6 17. f3 $16
Qxf3) 16. Qg3 $1 (16. Qg5 Qd8 17. Rg3 (17. Qg3 h4 (17... Qh4 18. Bxg6 Qxg3 19.
Bxf7+ Kxf7 20. hxg3 $14 (20. fxg3+ $14))) 17... Qxg5 18. Rxg5 $14) 16... Ne7
17. Qg5 {[%csl Gg5]} Qd8 18. Rg3 g6 19. Qf6 {Weiß übt spürbar positionellen
Druck auf schwarzen Feldern aus.} Rg8 20. Bc5 {[%mdl 2048]} Rc8 (20... Nd5 $5
21. Qxd8+ Rxd8 22. c4 Rc8 $132) 21. Bd6 Nf5 (21... Rxc3 $2 22. Bxg6 Nxg6 (22...
Rxg6 23. Qh8+ $18) 23. Rxc3 (23. Qxd8+ $6 Kxd8 24. Rxc3 Nf4 $132) 23... Qxf6
24. exf6 $18) 22. Bxf5 Qxf6 23. exf6 exf5 24. Rd1 (24. Re1+ Kd8 $14 (24... Be4
25. f3 $18)) 24... Kd8 25. Rgd3 Bc6 26. Rd4 Re8 27. Be7+ {[%csl Ge7]} Rxe7 $6 {
Der Be7 war zwar in der Tat aktiv, aber ich bin mir gar nicht sicher, ob
dieses Qualitätopfer nötig ist.} (27... Kc7 $5 28. c4 bxc4 29. Rxc4 $14) 28.
fxe7+ Kxe7 {[%mdl 4096]} 29. Re1+ (29. c4 b4 $14) 29... Kf8 30. h4 {Weiß legt
die Bauern am Königsflügel fest.} (30. Rd6 $14) 30... d5 31. Re3 Rc7 32. a3 {
Weiß muss sich nicht beeilen - zunächst einmal verbessert er mit kleinen Zügen
seine Stellung. Das starke Königsmanöver folgt dann später.} Kg7 33. Kf1 {
Der König strebt nach d2, von wo aus er den Pc3 verteidigen und den Re3 von
seinen Verteidigungsaufgaben entbinden kann.} Kf6 34. g3 {Wenn der Gegner
einen weißfeldrigen Läufer hat, ist es immer richtig, die eigenen Bauern auf
die schwarzen Felder zu stellen.} Rc8 35. Ke2 a5 36. Kd2 a4 (36... Bb7 37. a4
$16) 37. c4 $1 {Ein sehr starkes Bauernopfer - Weiß bereitet den Königsmarsch
auf den schwarzen Feldern vor.} bxc4 (37... dxc4 38. Rd6+ Kg7 39. Kc3 $16) 38.
Kc3 $16 {[%csl Gc3] Rein materiell betrachtet steht Schwarz jetzt gut, denn er
hat zwei Bauern für die Qualität. Aber sein Läufer spielt eine passive Rolle,
und seine Bauern sind blockiert.} Rb8 {Schwarz kontrolliert zwar die b - Linie,
aber es gibt dort keine Eindringungsfelder.} 39. Re1 Rb5 40. f4 $1 {Weiß
bereitet 41.Rdd1 vor, zuerst aber verteidigt er sich gegen f5 - f4, denn das
wäre für Schwarz eine Chance zu Gegenspiel.} (40. Rdd1 f4 $132) 40... Bd7 41.
Rdd1 {Weiß beabsichtigt, die b - Linie zu erobern. Der Textzug räumt zugleich
das Feld d4 für den König.} Be6 42. Rb1 Ra5 (42... Rxb1 43. Rxb1 $18) 43. Rb6
Ra8 44. Rd1 {Droht 45.Rxd5.} Kg7 (44... Ke7 45. Kd4 $16) 45. Rdb1 {[%cal Gb1b8]
} Kf6 46. Rb8 Ra7 (46... Rxb8 47. Rxb8 $18) 47. R1b7 Ra6 48. Rd8 $18 {Es droht
49.Kb4 nebst 50.Kb5 mit Turmfang.} Rc6 49. Kd4 {[%csl Gd4]} (49. Kd4 c3 (49...
Kg7 50. Ke5 Ra6 51. Rbb8 f6+ 52. Kd4 $18) 50. Rb4 $18) 1-0

[Event "FIDE-Wch k.o."]
[Site "Tripoli"]
[Date "2004.06.23"]
[Round "3.1"]
[White "Almasi, Zoltan"]
[Black "Ye, Jiangchuan"]
[Result "1-0"]
[WhiteElo "2631"]
[BlackElo "2681"]
[Annotator "Ribli,Z"]
[PlyCount "75"]
[EventDate "2004.06.19"]
[EventType "k.o."]
[EventRounds "7"]
[EventCountry "LBY"]
[SourceTitle "CBM 102"]
[Source "ChessBase"]
[SourceDate "2004.09.23"]
[SourceVersion "1"]
[SourceVersionDate "2004.09.23"]
[SourceQuality "1"]

1. e4 c5 2. Nf3 Nc6 3. d4 cxd4 4. Nxd4 Qc7 5. Nc3 e6 6. Be3 a6 7. Qd2 Nf6 8.
O-O-O Bb4 9. f3 Ne5 {Das ist der prinzipielle Springerzug - Schwarz kann im
Folgenden Nc4 ziehen und Weiß muss in einigen Varianten mit Bxc3 rechnen.} 10.
Nb3 b5 11. Qe1 {Heutzutage ist dieser Zug in Mode - die Alternativen sind 11.
Kb1 und hauptsächlich 11.Bd4.} Rb8 (11... Nc4 12. Bd4 e5 13. Qg3 Nh5 14. Qg5
Bxc3 15. Bxc3 g6 16. Bxc4 f6 17. Bxe5 Qxe5 18. Qxe5+ fxe5 19. Bd5 $16 {1/2-1/2
Vuckovic,B-Perunovic,M/Sozina SCG 2004/(39)}) (11... Be7 12. f4 (12. Kb1 d6 13.
Qf2 Rb8 14. g4 b4 15. Ne2 a5 $13 {1/2-1/2 Balogh,C-Portisch,L/Miskolc HUN 2004/
(26)}) 12... Nc4 13. e5 Ng4 14. Bd4 f5 (14... Bb7 15. Bd3 f5 16. h3 Nh6 17. Rg1
Rc8 18. g4 b4 19. Na4 Bf3 20. gxf5 Nxf5 21. Bxf5 exf5 22. Nac5 Bxd1 23. Qxd1
$44 {1-0 Karjakin,S-Grabliauskas,V/Dos Hermanas 2004/CBM 99 ext (55)}) 15. h3
Nh6 16. Qf2 Bb7 17. Bxc4 bxc4 18. Bb6 Qc6 19. Na5 Qxg2 20. Qd4 Bc8 21. Bc5 {
1-0 Grischuk,A-Geller,J/Dagomys RUS 2004/(27)}) (11... Bxc3 12. Qxc3 Qxc3 13.
bxc3 d5 14. Bd4 Ned7 15. exd5 Nxd5 (15... exd5 16. g4 h6 17. Bd3 $16) 16. Bxg7
Rg8 17. Bd4 Bb7 18. c4 bxc4 19. Na5 O-O-O 20. Nxc4 $16 {1/2-1/2 Iordachescu,V
- Macieja,B Bermuda 2004/(51)}) 12. Qg3 {Die Eröffnungstheorie entwickelt sich
sehr schnell. Einen Tag (!) vorher spielte Schwarz dieselbe Variante, sein
Landsmann spielte jedoch 12.Bd4 statt der Partiefortsetzung.} (12. Bd4 Nc6 13.
Bc5 Bxc5 14. Nxc5 O-O 15. Qg3 Ne5 16. Nd3 d6 $11 17. f4 Ng6 18. Qe3 b4 19. Ne2
Bb7 20. Ng3 Rfc8 {1/2-1/2 Ni Hua-Ye Jiangchuan/Tripoli LBA 2004/(46)}) 12...
Be7 {Der schwarze Läufer gehört zum Königsflügel.} (12... Bxc3 $6 13. bxc3 Nh5
14. Qg5 g6 15. g4 $1 f6 (15... Nxf3 16. Qh6) 16. Qh4 Qxc3 17. Bd3 Ng7 18. f4
Nxd3+ 19. Rxd3 Qc7 20. Qxf6 $18) 13. f4 $1 {[%mdl 4] Das ist die weiße
Verbesserung! Weiß muss diese Fortsetzung ohne Zeitverlust ziehen.} (13. Kb1
$143 d6 14. f4 Nc4 15. Bd4 b4 16. Na4 O-O 17. Qd3 d5 18. exd5 exd5 19. Be2 Ne4
20. Bf3 f5 $13 {1-0 Acs,P-Portisch,L/Zalaegerszeg HUN 2004/(55)}) 13... Nc4 (
13... Nh5 14. Qh3 Nc4 15. Bxc4 bxc4 16. Qxh5 cxb3 17. axb3 O-O 18. Rhf1 $14 {
Weiß hat einen Bauern mehr und ich sehe keine (ausreichende) Kompensation für
Schwarz.}) 14. e5 Nh5 15. Qf2 Nxe3 16. Qxe3 $14 {[%csl Yd6,Rh5][%cal Rf1e2,
Re2h5,Gc3e4,Ge4d6] Weiß hat offensichtlichen positionellen Druck - der Nh5
steht weit weg vom Hauptkriegschauplatz und Weiß hat Raum- und
Entwicklungsvorteil.} g6 (16... Bb7 $6 17. Be2 g6 18. Bxh5 gxh5 19. Ne4 $16)
17. g4 Ng7 18. Bd3 Bb7 19. Rhf1 {[%cal Gf4f5]} O-O $6 {Dieser Zug ist sehr
optimistisch - im Folgenden bekommt Weiß einen sehr gefährlichen Angriff am
Königsflügel.} (19... f5 $142) 20. f5 exf5 21. gxf5 Bb4 22. f6 Ne6 {[#]} 23.
Rf5 $1 $16 {[%cal Gf5h5][%mdl 128] Ein sehr schöner Zug - in vielen Varianten
droht 24.Rh5, mit direktem Mattangriff.} Rfe8 (23... gxf5 $2 24. Bxf5 $18 {
[%csl Rg8][%cal Re3h6]}) 24. Rh5 $1 Bf8 25. Rg1 {[%cal Gg1g8]} Ng7 $2 {Schwarz
gibt die Figur von selbst zurück, aber nach diesem Zug ist die weiße Aufgabe
viel einfacher. Nach der folgenden Analyse ist die schwarze Stellung schon
schlecht, aber meiner persönlichen Meinung nach könnte Schwarz nach 25...d6 in
den komplizierte Varianten im Trüben fischen.} (25... d6 26. Qg3 $1 (26. Ne2 $2
dxe5 27. Qh3 Qd8 28. Qh4 Bg7 $1 29. fxg7 e4 $1 $17) 26... dxe5 (26... Qb6 27.
Rxh7 $1 Qxg1+ (27... Kxh7 $4 28. Bxg6+ $16) 28. Qxg1 Kxh7 29. Qa7 $1 dxe5 30.
Be4 Bxe4 31. Qxf7+ Kh6 32. Nxe4 $18) 27. Qh4 (27. Rxh7 $2 e4 $1 28. Qh3 Qf4+
29. Nd2 Qxf6 30. Ncxe4 Bxe4 31. Nxe4 Qf4+ 32. Kb1 Bg7 $17) 27... e4 (27... h6
28. Bxg6 fxg6 29. Rxg6+ Kf7 30. Rhxh6 Bxh6+ 31. Qxh6 Rec8 32. Qh7+ Ke8 33. Rg7
$1 Nxg7 34. fxg7 Bd5 35. Nxd5 Qxc2+ 36. Qxc2 Rxc2+ 37. Kxc2 Kf7 38. Nc5 $18)
28. Rg4 $1 {Es ist sehr wichtig für Weiß den Damentausch mit Qf4 zu verhindern.
} exd3 (28... Bg7 29. Bxe4 Qd8 (29... Bxe4 30. Nxe4 gxh5 31. Qxh5 (31. Rxg7+ $4
Kh8 $1 $19) 31... Rbc8 32. c3 Qc4 (32... Kh8 33. Rh4 Nf8 34. fxg7+ Kxg7 35.
Qg5+ Kh8 36. Nf6 $18) 33. Rxg7+ Nxg7 34. Qg5 $18) 30. fxg7 f5 (30... Qxh4 31.
Rhxh4 f5 32. Bxb7 fxg4 33. Bc6 Re7 34. Rxg4 $18) 31. Rxh7 Qxh4 32. Rhxh4 $1
fxg4 (32... Bxe4 33. Rxg6 Nxg7 34. Rxa6 $18) 33. Bxb7 Rxb7 34. Rh8+ $18) (28...
h6 29. Rxh6 Bxh6+ 30. Qxh6 Qe5 31. Bxe4 $1 Bxe4 (31... Red8 32. Kb1 $1) 32.
Nxe4 Qf5 33. Rh4 Qf1+ 34. Kd2 Rbd8+ {Es sieht so aus, als ob der weiße König
sich in großer Not befindet, aber Schwarz keine konkreten Drohungen hat.} 35.
Ke3 Qe1+ 36. Kf3 Qf1+ 37. Nf2 Ng5+ 38. Qxg5 Qe2+ 39. Kg2 $18) 29. Rxh7 Bg7 30.
fxg7 f5 31. Qf6 $1 Nxg7 32. Rgh4 Re1+ 33. Kd2 $18) 26. fxg7 Bxg7 27. Qf2 b4 (
27... gxh5 $2 28. Qf6 $18) 28. Ne2 Bd5 (28... Rxe5 29. Rxh7 $1 Kxh7 30. Qxf7
$18) 29. Nf4 Bxb3 30. axb3 Rxe5 {Schwarz hat zwei Bauern für die Figur, aber
das ist kein ausreichender Ersatz.} 31. Bc4 $1 {[%csl Gc4,Rf7][%cal Rc4g8] Der
neue weiße Zielpunkt ist der f7P.} Rf8 32. Kb1 Rxh5 33. Nxh5 Bxb2 34. Kxb2 Qe5+
35. Kb1 Qxh5 36. Qd2 a5 37. Rf1 Qh3 38. Qd6 $1 $18 {Droht einfach 39.Qe7 -
Schwarz hat keine Verteidigung.} 1-0

[Event "Nagykanizsa 1st"]
[Site "Nagykanizsa"]
[Date "2003.11.14"]
[Round "10"]
[White "Sriram, Jha"]
[Black "Flumbort, Andras"]
[Result "0-1"]
[WhiteElo "2458"]
[BlackElo "2467"]
[Annotator "Ribli,Z"]
[PlyCount "84"]
[EventDate "2003.11.05"]
[EventType "tourn"]
[EventRounds "11"]
[EventCountry "HUN"]
[EventCategory "11"]
[SourceTitle "CBM 099"]
[Source "ChessBase"]
[SourceDate "2004.03.30"]
[SourceVersion "1"]
[SourceVersionDate "2004.03.30"]
[SourceQuality "1"]

1. Nf3 c5 2. e4 Nc6 {Es ist gar nicht typisch, dass man die Sizilianische
Verteidigung mit dieser Zugfolge spielt.} 3. Nc3 e6 4. d4 cxd4 5. Nxd4 Qc7 6.
Be3 a6 7. Qd2 Nf6 8. O-O-O {Diese Variante ist heutzutage sehr populär. Weiß
möchte mit f3-g4 am Königsflügel angreifen.} Bb4 {Dieser Zug zwingt Weiß 9.f3
zu ziehen, so dass Schwarz seinen Läufer mit Tempo ins Spiel bringt.} 9. f3 Ne7
{Dieser Zug wurde zuerst in der Partie Narciso Dublan,M - Andersson,U Pamplona
2001 gespielt. Der schwarze Plan ist 10...Bxc3, wonach Weiß eine schlechte
Bauernstruktur am Damenflügel erhält.} 10. Nde2 d5 11. Bg5 dxe4 12. Bxf6 gxf6
13. Qh6 {Dieser Damezug wird weniger gespielt - die Alternative 13.Qd4!?
bietet Weiß mehr Angriffschancen. So z.B. geschehen in der Partie Shirov,A -
Lutz,C, Dortmund 2002 (allerdings mit dem Zugpaar a3-Ba5).} (13. Qd4 exf3 14.
Qxb4 fxe2 15. Bxe2 f5 16. Bf3 (16. Na4 b5 17. Nc5 O-O 18. Nd7 Bxd7 19. Qxe7
Rac8 20. Qg5+ Kh8 21. Qf6+ {1/2-1/2 Arizmendi Martinez,J-De la Riva Aguado,O/
Burgos ESP 2003/(24)}) (16. Bh5 Bd7 17. Rhe1 Rg8 18. g4 Rc8 19. gxf5 Nxf5 20.
Rd2 a5 21. Qe4 Kf8 22. Qd3 Bc6 {0-1 Jaracz,B-Blimke,D/Lubniewice 2002/CBM 90
ext (64)}) 16... Bd7 17. Rhe1 Bc6 18. Bxc6+ bxc6 19. g4 Rb8 20. Qd4 Rg8 {
1/2-1/2 Gashimov,V-Tregubov,P/Istanbul TUR 2003/(28)}) (13. fxe4 Ng6 14. Kb1
Be7 15. Ng3 Bd7 16. Nh5 O-O-O 17. Qf2 Bc6 18. Be2 Qe5 {1-0 Aarthie,R-Borulya,E/
Bled 2002/EXT 2003 (43)}) 13... f5 (13... Nf5 14. Qh5 Bxc3 15. Nxc3 Qf4+ 16.
Kb1 exf3 17. gxf3 Qh4 18. Qxh4 Nxh4 {0-1 Valerga,D-Caceres,S/Buenos Aires ARG
2003/(47)}) 14. fxe4 (14. Qf6 Ng6 15. fxe4 f4 $13 (15... Qe5 16. Qxe5 Nxe5 17.
exf5 Ng4 18. Rd4 $36 {[%cal Rd4b4,Rd4g4]})) 14... Qe5 $11 {[%csl Ge5][%cal
Ge5g7] Schwarz zentralisiert die Dame und verteidigt sich gegen 15.Qg7.} (14...
Bd7 15. Qg7 O-O-O 16. Qxf7 Rdf8 17. Qh5 Kb8 $44) (14... Bd6 $5 {[%cal Gd6e5,
Ge5b2,Ge5h8]}) 15. Qh4 (15. Qd2 O-O $11) 15... Bd6 $1 {[%mdl 32] Der Läufer
war schon überflüssig auf b4 - mit dem Textzug bereitet Schwarz f5-f4 vor.} 16.
g3 (16. exf5 Nxf5 17. Qe4 Qxe4 18. Nxe4 Be5 $15) 16... Ng6 (16... b5 $5 {
[%cal Gc8b7,Gb7h1,Gb5b4]}) 17. Qg5 (17. Qh5 $142 f4 18. Qf3 fxg3 (18... b5 $2
19. gxf4 Nxf4 20. Rxd6 Nxe2+ 21. Bxe2 Qxd6 22. e5 Qb8 23. Qf6 Rg8 24. Ne4 $40)
19. hxg3 $13) 17... f4 (17... fxe4 18. Nxe4 Qxg5+ 19. Nxg5 $11) 18. Qg4 (18.
Qxe5 Bxe5 $15) 18... h5 (18... b5 $5) 19. Qf3 fxg3 20. hxg3 Bd7 {[%csl Gd6,Gd7]
Schwarz hat das Läuferpaar und eine gute Figurenstellung, aber seine
Königsstellung ist noch unsicher.} 21. Bg2 (21. Qd3 Ke7 $11) 21... Rd8 (21...
Bc6 $11) 22. Rhf1 Qg5+ 23. Kb1 Ne5 $15 {[%csl Ge5] Der e5N steht ausgezeichnet.
} 24. Qf2 (24. Qf4 Qxf4 (24... Be7 $15) 25. gxf4 Nc4 26. e5 Bc5 27. Ne4 Bc6 28.
Rxd8+ Kxd8 29. Nxc5 Bxg2 $15) 24... Be7 (24... Bc6 $5 25. Nd4 Bc5 $15) 25. Nd4
Rg8 (25... Bc5 $15) 26. Nf3 {Weiß möchte die beste schwarze Figur, den
e5-Springer tauschen.} Ng4 (26... Nxf3 27. Bxf3 $14 {[%csl Rf7][%cal Gf1f7]})
27. Nxg5 $6 {Es wäre besser für Weiß die Damen auf dem Brett zu behalten.} (27.
Qe1 Qc5 $15 (27... Qe3 28. Ne2 $13)) 27... Nxf2 28. Rxf2 Rxg5 {[%csl Gd7,Ge7,
Rg3]} 29. e5 $2 (29. Bf3 Bc6 $15) 29... Rxg3 30. Bxb7 $4 {[%mdl 8192] Ein
unglaublich großer Fehler, wonach Weiß Material und die Partie verliert.} {[#]}
Rxc3 $19 31. Bf3 (31. bxc3 Rb8 $19 {[%csl Rb7][%cal Rb8b1]}) 31... Rxf3 $5 {
Dieses Qualitätsopfer ist der einfachste Weg zum Sieg.} (31... Bc5 32. Rff1 Re3
33. Bxh5 Bb5 $19) 32. Rxf3 Bc6 33. Rxd8+ Bxd8 34. Rg3 h4 {[%csl Gc6,Gd8,Gh4]
Der h-Bauer mit der Unterstützung des Läuferpaars entscheidet die Partie.} 35.
Rg8+ Kd7 36. Rf8 Be4 (36... h3 37. Rxf7+ Kc8 38. Rh7 Bg2 $19) 37. Rxf7+ Ke8 38.
Ra7 a5 39. Rg7 h3 40. Rg8+ Kd7 41. Rh8 Bg2 42. Rh5 Bb6 0-1

[Event "RUS-ch sf 58th"]
[Site "Kazan"]
[Date "2005.09.05"]
[Round "3"]
[White "Khairullin, Ildar"]
[Black "Tregubov, Pavel V"]
[Result "1-0"]
[WhiteElo "2538"]
[BlackElo "2607"]
[Annotator "Ribli,Z"]
[PlyCount "117"]
[EventDate "2005.09.03"]
[EventType "swiss"]
[EventRounds "9"]
[EventCountry "RUS"]
[SourceTitle "CBM 109"]
[Source "ChessBase"]
[SourceDate "2005.11.14"]
[SourceVersion "1"]
[SourceVersionDate "2005.11.14"]
[SourceQuality "1"]

1. e4 c5 2. Nf3 e6 3. d4 cxd4 4. Nxd4 Nc6 5. Nc3 Qc7 6. Be3 a6 7. Qd2 Nf6 8.
O-O-O Bb4 9. f3 Na5 {Diese Fortsetzung wird von Anand gern gespielt. Seine
Hauptidee ist Nc4 folgen zu lassen und im Falle von Nb3 kann Schwarz auf b3
tauschen.} 10. Kb1 (10. Bf2 $5 $146 {[%cal Gf2e1,Gf2g3]} Bxc3 11. Qxc3 Qxc3 12.
bxc3 {[%csl Yb6,Yd6,Gf2]} d5 13. exd5 Nxd5 14. c4 $1 $14 Ne7 (14... Nc3 15. Re1
Nxa2+ 16. Kb2 Nb4 17. Nf5 $44) 15. Nb3 Nxb3+ $2 (15... Nac6 16. Bc5 e5 17. Bd3
$14) 16. cxb3 {[%csl Ga2,Gb3,Gc4,Gf1,Gf2] 1-0 Motylev,A-Xu Jun/Moscow 2004/CBM
103/[Ribli (36)}) 10... Bxc3 11. bxc3 Nc4 $146 (11... d5 12. Bg5 (12. Nb3 $5)
12... dxe4 13. Bxf6 gxf6 14. fxe4 Bd7 15. Nb3 O-O-O 16. Bd3 Bc6 17. Qf2 Nxb3
18. axb3 Qe5 19. Kb2 Rhg8 20. Rhf1 Rg6 21. g3 $14 {1-0 Ni Hua-Ye Jiangchuan/
Tripoli 2004/(45)}) (11... b5 12. Bf4 e5 (12... Qb6 13. Nb3 Nc4 14. Qd4 d5 15.
Bxc4 Qxd4 16. cxd4 {1-0 Leko,P-Anand,V/Moscow 2004/CBM 102/[Ribli] (68)'}) 13.
Bg3 d6 14. Nf5 Bxf5 15. exf5 O-O-O 16. Bf2 Kb8 17. g4 h6 {1/2-1/2 Zawadzka,
J-Berczes,C/Aghia Pelagia 2004/(36)}) 12. Bxc4 Qxc4 13. Bf4 $14 {[%csl Rc8,Gf4]
[%cal Gf4d6][%mdl 4] Die schwarze Bauernstruktur ist besser, aber Weiß hat
Entwicklungsvorteil und der c8B steht passiv. Die Schwächung auf den schwarzen
Feldern in der schwarze Stellung sind ebenso offensichtlich.} d5 (13... b5 14.
Bd6 Bb7 15. Rhe1 $14) 14. Be5 O-O 15. Bxf6 gxf6 16. e5 $1 {Nach diesem Zug
bekommt Weiß dauerhafte Initiative. Es ist nicht leicht für Schwarz, seinen
Läufer zu aktivieren.} Qc7 (16... fxe5 $2 17. Qg5+ Kh8 18. Qf6+ (18. Qxe5+ f6)
18... Kg8 19. Rhe1 $40) 17. Rhe1 Qe7 (17... fxe5 $2 18. Qg5+ Kh8 19. Qf6+ Kg8
20. Rxe5 $18) 18. Qf4 fxe5 (18... Kg7 19. Qg4+ Kh8 20. Qh4 $16) 19. Qxe5 (19.
Rxe5 $6 f6 $132) (19. Qg3+ Kh8 20. Qxe5+ f6 (20... Kg8 21. Qxd5 $16) 21. Qxd5
$16) 19... Rd8 20. f4 {[%cal Gf4f5]} (20. Nf5 $2 Qg5) 20... f6 {Dieser Zug
schwächt die schwarze Bauernstellung, aber Schwarz hat keine andere Wahl.} 21.
Qe3 {[%csl Re6]} Qf7 (21... Re8 22. Nxe6 Bxe6 (22... Qxe6 23. Qg3+ $18) 23. f5
$16) 22. Nxe6 Bxe6 23. Qxe6 Qxe6 24. Rxe6 {[%mdl 4096] Weiß hat einen
Mehrbauern im Endspiel, aber die Verwertung des Materialvorteils ist nicht
leicht, da die weißen Bauern am Damenflügel schwach sind. Gewönlich hat
Schwarz in einem Endspiel mit vierTürmen einige Remischancen.} Kf7 25. Rb6 $16
{[%csl Gb6,Rb7,Rf6][%cal Gb6b7,Gb6f6] Der b6R steht gut; er kontrolliert den
f6-Bauern und greift gleichzeitig b7 an..} Rd7 26. Re1 {[%cal Re1e6,Rb6f6] Die
weiße Türme sind viel aktiver; es droht die Turmeindringung auf e6.} (26. c4 d4
27. c5 Rc8) 26... Rc8 (26... Rg8 27. g3 Rg6 28. Ree6 $16) 27. Ree6 (27. Kb2 Rc6
) 27... Rxc3 28. Rxf6+ Kg7 29. Rfd6 Rdc7 (29... Rxd6 30. Rxd6 Rc5 31. Rd7+ Kf6
32. Rxb7 $18) 30. Rxd5 Rxc2 31. Rd7+ $1 {Die Möglichkeit, zwei Türme zu
tauschen, vermindert erheblich die schwarzen Remischancen.} Kg8 (31... Rxd7 32.
Kxc2) 32. Rxc7 Rxc7 33. Rd6 Rc4 (33... Kf7 34. Kb2 $16) 34. g3 Rb4+ 35. Kc2 Rb5
36. Rd2 (36. Kc3) 36... Kf7 37. Kc3 {[%cal Gd2b2,Gb2b7]} Rc5+ 38. Kd4 Rb5 39.
Rc2 Kf6 40. Rc7 (40. g4) 40... h6 41. Rc2 Kg6 42. g4 {[%csl Gf4,Gg4] Weiß hat
deutliche Vorteil am Königsflügel, seine Bauernmehrheit entscheidet die Partie.
} Rb1 43. Ke4 Re1+ 44. Kf3 h5 45. g5 Rf1+ 46. Rf2 Rc1 47. Re2 Rf1+ 48. Kg3 Rg1+
(48... h4+ 49. Kg4 $18) 49. Kf2 Rh1 50. Re6+ Kf5 51. Rf6+ Kg4 52. g6 $18 {
[%csl Gg6]} Rxh2+ 53. Ke3 Rg2 54. Rf8 (54. g7 Kh4 55. Rf7 b5 56. f5 $18) 54...
Kh3 55. f5 b5 56. Rh8 h4 57. Kf4 b4 58. Ke5 a5 59. Kf6 1-0